00513nam a2200193Ia 4500008004100000041001200041082001000053100001500063245003300078260004000111300000800151365000700159520002500166546001200191630003300203650002500236655002500261730003300286101110s9999 xx 000 0 und d aENGLISH bFR110 aSingh B.D. aDictionary of plant breeding c1998bKalyani publication, Ludhiana a141 b45 aDry-land Agriculture aENGLISH aDictionary of plant breeding aDry-land Agriculture aDry-land Agriculture aDictionary of plant breeding